Developing country debt and the world economy / (Record no. 155)

000 -LEADER
fixed length control field 01291pam a2200337 a 4500
001 - CONTROL NUMBER
control field 548540
003 - CONTROL NUMBER IDENTIFIER
control field OSt
005 - DATE AND TIME OF LATEST TRANSACTION
control field 20210417102725.0
008 - FIXED-LENGTH DATA ELEMENTS--GENERAL INFORMATION
fixed length control field 880726s1989 ilu b 001 0 eng
010 ## - LIBRARY OF CONGRESS CONTROL NUMBER
LC control number 88020798
020 ## - INTERNATIONAL STANDARD BOOK NUMBER
International Standard Book Number 0226733386
020 ## - INTERNATIONAL STANDARD BOOK NUMBER
International Standard Book Number 0226733394 (pbk.)
040 ## - CATALOGING SOURCE
Original cataloging agency DLC
Transcribing agency DLC
Modifying agency DLC
043 ## - GEOGRAPHIC AREA CODE
Geographic area code d------
050 00 - LIBRARY OF CONGRESS CALL NUMBER
Classification number HJ8899
Item number .D482 1989
080 ## - UNIVERSAL DECIMAL CLASSIFICATION NUMBER
Universal Decimal Classification number 33
Item number S-11
082 00 - DEWEY DECIMAL CLASSIFICATION NUMBER
Classification number 336.3/435/091724
Edition number 19
245 00 - TITLE STATEMENT
Title Developing country debt and the world economy /
Statement of responsibility, etc. edited by Jeffrey D. Sachs.
260 ## - PUBLICATION, DISTRIBUTION, ETC.
Place of publication, distribution, etc. Chicago :
Name of publisher, distributor, etc. University of Chicago Press,
Date of publication, distribution, etc. c1989.
300 ## - PHYSICAL DESCRIPTION
Extent xi, 335 p. :
Other physical details iil. ;
Dimensions 24 cm.
440 #2 - SERIES STATEMENT/ADDED ENTRY--TITLE
Title A National Bureau of Economic Research project report
504 ## - BIBLIOGRAPHY, ETC. NOTE
Bibliography, etc. note Includes bibliographies and indexes.
650 #0 - SUBJECT ADDED ENTRY--TOPICAL TERM
Topical term or geographic name entry element Debts, External
Geographic subdivision Developing countries.
650 #0 - SUBJECT ADDED ENTRY--TOPICAL TERM
Topical term or geographic name entry element International finance.
653 ## - INDEX TERM--UNCONTROLLED
Uncontrolled term საერთაშორისო ფინანსები
-- განვითარებადი ქვეყნები
700 1# - ADDED ENTRY--PERSONAL NAME
Personal name Sachs, Jeffrey.
856 42 - ELECTRONIC LOCATION AND ACCESS
Materials specified Publisher description
Uniform Resource Identifier <a href="http://www.loc.gov/catdir/enhancements/fy0642/88020798-d.html">http://www.loc.gov/catdir/enhancements/fy0642/88020798-d.html</a>
856 41 - ELECTRONIC LOCATION AND ACCESS
Materials specified Table of contents only
Uniform Resource Identifier <a href="http://www.loc.gov/catdir/enhancements/fy0642/88020798-t.html">http://www.loc.gov/catdir/enhancements/fy0642/88020798-t.html</a>
906 ## - LOCAL DATA ELEMENT F, LDF (RLIN)
a 7
b cbc
c orignew
d 1
e ocip
f 19
g y-gencatlg
942 ## - ADDED ENTRY ELEMENTS (KOHA)
Source of classification or shelving scheme
Koha item type Books
Holdings
Withdrawn status Lost status Source of classification or shelving scheme Damaged status Not for loan Permanent location Current location Date acquired Inventory number Full call number Barcode Date last seen Price effective from Koha item type
          Ken Walker International University Ken Walker International University 11/11/2020 348 33 S-11 348 11/11/2020 11/11/2020 Books

Powered by Koha